| 000 | 00424nam a22001217a 4500 | ||
|---|---|---|---|
| 008 | 230627b xxu||||| |||| 00| 0 eng d | ||
| 020 | _a9966949038 | ||
| 082 |
_a338.1 _bNYA 2000 |
||
| 245 | _aDElivery of Services to Smallholder Coffee Farmers and Impacts on Production Under Liberalization in Kenya | ||
| 260 |
_aKenya _bThe Kenya Institute for Public Policy Research and Analysis _c2000 |
||
| 300 | _aVI,44p | ||
| 942 |
_2ddc _cBK |
||
| 999 |
_c2915 _d2915 |
||